FORESTS : market and intervention failures : Five case studies

Bibliographic Details
Other Authors: Jones 1902-, Wibe 1946-
Format: Book
Published: London : Earthscan Publications , 1992
Subjects:

MARC

LEADER 00000cam a2200000 7i4500
001 0000000372
005 20000807.0
020 0 0 |a 1853831018 
090 0 0 |a 634.9068   |b FOR 1992 
245 0 0 |a FORESTS : market and intervention failures :   |b Five case studies   |c edited by Sören Wibe and Tom Jones 
260 0 0 |a London :   |b Earthscan Publications ,   |c 1992 
300 |a 204 p. :   |b ill. ;   |c 22 cm. 
500 0 0 |a Includes bibliographical references and index 
650 0 0 |a Forest management   |x Environmental aspects 
650 0 0 |a Forest policy   |x Case studies 
650 0 0 |a Forest products   |x Marketing 
650 0 0 |a Forests and forestry   |x Economic aspects 
700 0 1 |a Jones   |h Tom ,   |c 1902- 
700 0 1 |a Wibe   |h Sören ,   |c 1946- 
999 |a 0000000579   |b Monograph   |c Open Shelf   |e Default branch